Catálogo
 En Linea

Nortic A4 2015 : (Registro nro. 59085)

Detalles MARC
000 -CABECERA
campo de control de longitud fija 01678nam a2200325 i 4500
001 - NÚMERO DE CONTROL
campo de control 000048351
003 - IDENTIFICADOR DEL NÚMERO DE CONTROL
campo de control DO-SdBNP
005 - FECHA Y HORA DE LA ÚLTIMA TRANSACCIÓN
campo de control 20250522103619.0
006 - CÓDIGOS DE INFORMACIÓN DE LONGITUD FIJA--CARACTERÍSTICAS DEL MATERIAL ADICIONAL
campo de control de longitud fija a||||gr|||| 00| 0
007 - CAMPO FIJO DE DESCRIPCIÓN FÍSICA--INFORMACIÓN GENERAL
campo de control de longitud fija ta
008 - DATOS DE LONGITUD FIJA--INFORMACIÓN GENERAL
campo de control de longitud fija 250522e2015 dr ad r 000 spa d
040 ## - FUENTE DE LA CATALOGACIÓN
Centro catalogador/agencia de origen DO-SdBNP
Lengua de catalogación spa
Centro/agencia transcriptor BNPHU
Normas de descripción rda
041 ## - CÓDIGO DE LENGUA
Código de lengua original spa
082 #4 - NÚMERO DE LA CLASIFICACIÓN DECIMAL DEWEY
Número de clasificación xxx
Número de documento/Ítem R426n
Número de edición 22
110 1# - ENTRADA PRINCIPAL--NOMBRE DE ENTIDAD CORPORATIVA
Nombre de entidad corporativa o nombre de jurisdicción como elemento de entrada República Dominicana.
Unidad subordinada Oficina Presidencial de Tecnología de la Información y Comunicaciones.
9 (RLIN) 37585
Término indicativo de función/relación autor
245 10 - MENCIÓN DE TÍTULO
Título Nortic A4 2015 :
Resto del título guía de implementación de la norma para la interoperabilidad entre los organismo del gobierno dominicano. /
264 #1 - PRODUCCIÓN, PUBLICACIÓN, DISTRIBUCIÓN, FABRICACIÓN Y COPYRIGHT
Producción, publicación, distribución, fabricación y copyright Santo Domingo :
Nombre del de productor, editor, distribuidor, fabricante Presidencia de la República
Fecha de producción, publicación, distribución, fabricación o copyright 2015
300 ## - DESCRIPCIÓN FÍSICA
Extensión 210 páginas ;
Otras características físicas Ilustraciones, gráficas
Dimensiones 24 cm.
336 ## - TIPO DE CONTENIDO
Fuente rdacontent
Término de tipo de contenido texto
Código de tipo de contenido txt
337 ## - TIPO DE MEDIO
Fuente rdamedia
Nombre/término del tipo de medio sin mediación
Código del tipo de medio n
338 ## - TIPO DE SOPORTE
Fuente rdacarrier
Nombre/término del tipo de soporte volumen
Código del tipo de soporte nc
500 ## - NOTA GENERAL
Nota general Incluye bibliografía y notas al pié de páginas.
500 ## - NOTA GENERAL
Nota general Incluye glosario de términos, páginas 61- 71.
500 ## - NOTA GENERAL
Nota general Incluye abreviaturas y acrónimos.
504 ## - NOTA DE BIBLIOGRAFÍA, ETC.
Nota de bibliografía, etc. Bibliografía: páginas 79- 80
505 ## - NOTA DE CONTENIDO CON FORMATO
Nota de contenido con formato Prólogo.
Información miscelánea Marco Legal.-- Introducción.
-- Capítulo I.
Título Normas para la interoperabilidad entre los organismos del Gobierno Dominicano.--
Información miscelánea Capítulo II.
Título Catálogo de estándares de Interoperabilidad.--
Información miscelánea Capítulo III.
Título Interoperabilidad Organizacional.--
Información miscelánea Capítulo IV.
Título Interoperabilidad Semántica.--
Información miscelánea Capítulo V.
Título Interoperabilidad Técnica.--
-- Glosario de términos.--
-- Abreviaturas y acrónimos.--
-- Bibliografía.--
-- Anexos.--
-- Equipo de Trabajo.
-- Bibliografía.--
-- Anexos.--
-- Trabajo en equipo.
590 ## - NOTA LOCAL (RLIN)
Nota local Inventariado, 2025/DG
910 ## - DATOS DE OPCIÓN DEL USUARIO (OCLC)
Datos de opción del usuario DG
942 ## - ELEMENTOS DE PUNTO DE ACCESO ADICIONAL (KOHA)
Fuente del sistema de clasificación o colocación Dewey Decimal Classification
Tipo de ítem Koha Libro
Existencias
Estado de retiro Estado de pérdida Fuente del sistema de clasificación o colocación Restricciones de uso No para préstamo Código de colección Localización permanente Ubicación/localización actual Ubicación en estantería Fecha de adquisición Fuente de adquisición Total de préstamos Signatura topográfica completa Código de barras Fecha visto por última vez Precio válido a partir de Tipo de ítem Koha
    Dewey Decimal Classification Excluido de préstamo   Patrimonio Dominicano Biblioteca Nacional Pedro Henríquez Ureña Biblioteca Nacional Pedro Henríquez Ureña En catalogación 22.05.2025 donación   BNPHU PD R426n 2025-4518 22.05.2025 22.05.2025 Libro

Con tecnología Koha